Algunas observaciones sobre el español de México
Na minha lista:
| Autor principal: | |
|---|---|
| Formato: | Capítulo de Livro |
| Idioma: | espanhol |
| Assuntos: | |
| Tags: |
Sem tags, seja o primeiro a adicionar uma tag!
|
MARC
| LEADER | 00000naa$a2200000$$$4500 | ||
|---|---|---|---|
| 001 | 0188860 | ||
| 005 | 20240502073208.6 | ||
| 041 | 0 | |a spa | |
| 044 | |a SK | ||
| 245 | 1 | 0 | |a Algunas observaciones sobre el español de México |c Mária Spišiaková |
| 610 | 2 | 0 | |a jazyky cudzie |
| 610 | 2 | 0 | |a fonetika |
| 610 | 2 | 0 | |a španielčina |
| 100 | 1 | |a Spišiaková, Mária, 1973- | |